| 000 | 00717nam a22001577a 4500 | ||
|---|---|---|---|
| 003 | OSt | ||
| 005 | 20150927162446.0 | ||
| 008 | 150927b xxu||||| |||| 00| 0 eng d | ||
| 040 | _cRUA | ||
| 082 | _aAGR LIM 2008 B036 Or.1 | ||
| 100 |
_91451 _aLIM, SOPHORNTHIDA. |
||
| 245 | _aUsing organic fertilizer on bumching onion at crop station of royal university of agriculture, ការប្រើប្រាស់ជីធម្មជាតិលើដំណាំខ្ទឹមស្លឹក នៅស្ថានីយ៏ដំណាំនៃសាកលវិទ្យាល័យភូមិន្ទកសិកម្ម | ||
| 260 |
_aPhnom Penh _bRUA _c2008 |
||
| 300 |
_aix, 52p. _bill. _c29cm. |
||
| 942 |
_2ddc _cAGR |
||
| 999 |
_c1362 _d1362 |
||